| 000 -LEADER |
| fixed length control field |
01012cam a2200253 a 4500 |
| 005 - DATE AND TIME OF LATEST TRANSACTION |
| control field |
20200309131024.0 |
| 008 - FIXED-LENGTH DATA ELEMENTS--GENERAL INFORMATION |
| fixed length control field |
970402s1998 enka b 001 0 eng |
| 010 ## - LIBRARY OF CONGRESS CONTROL NUMBER |
| LC control number |
97008671 |
| 020 ## - INTERNATIONAL STANDARD BOOK NUMBER |
| International Standard Book Number |
0521462118 |
| 040 ## - CATALOGING SOURCE |
| Original cataloging agency |
DLC |
| Transcribing agency |
DLC |
| Modifying agency |
DLC |
| 050 00 - LIBRARY OF CONGRESS CALL NUMBER |
| Classification number |
HT111 |
| Item number |
.S63 1998 |
| 082 00 - DEWEY DECIMAL CLASSIFICATION NUMBER |
| Classification number |
307.7609 |
| Edition number |
21 |
| Item number |
SOU |
| 100 1# - MAIN ENTRY--PERSONAL NAME |
| Personal name |
Southall, Aidan, |
| Dates associated with a name |
1920-2009. |
| 245 14 - TITLE STATEMENT |
| Title |
The city in time and space / |
| Statement of responsibility, etc |
Aidan Southall. |
| 260 ## - PUBLICATION, DISTRIBUTION, ETC. (IMPRINT) |
| Place of publication, distribution, etc |
Cambridge [England] ; |
| -- |
New York : |
| Name of publisher, distributor, etc |
Cambridge University Press, |
| Date of publication, distribution, etc |
1998. |
| 300 ## - PHYSICAL DESCRIPTION |
| Extent |
x, 473 p. : |
| Other physical details |
ill. ; |
| Dimensions |
24 cm. |
| 504 ## - BIBLIOGRAPHY, ETC. NOTE |
| Bibliography, etc |
Includes bibliographical references (p. 423-449) and index. |
| 650 #0 - SUBJECT ADDED ENTRY--TOPICAL TERM |
| Topical term or geographic name as entry element |
Cities and towns |
| General subdivision |
History. |
| 856 42 - ELECTRONIC LOCATION AND ACCESS |
| Materials specified |
Publisher description |
| Uniform Resource Identifier |
<a href="http://www.loc.gov/catdir/description/cam028/97008671.html">http://www.loc.gov/catdir/description/cam028/97008671.html</a> |
| 856 7# - ELECTRONIC LOCATION AND ACCESS |
| Materials specified |
Table of contents |
| Uniform Resource Identifier |
<a href="http://lcweb.loc.gov/catdir/toc/97-8671.html">http://lcweb.loc.gov/catdir/toc/97-8671.html</a> |
| Access method |
http |
| 906 ## - LOCAL DATA ELEMENT F, LDF (RLIN) |
| a |
7 |
| b |
cbc |
| c |
orignew |
| d |
1 |
| e |
ocip |
| f |
19 |
| g |
y-gencatlg |
| 942 ## - ADDED ENTRY ELEMENTS (KOHA) |
| Source of classification or shelving scheme |
|
| 955 ## - COPY-LEVEL INFORMATION (RLIN) |
| Classification number, CCAL (RLIN) |
pc03 to ja00 04-02-97; sf10 04-07-97; sf11 04-08-97; sf05 04-08-97; CIP ver. se05 02-23-99 |